Statistics for Famous sportsmen by photos.

Click here to take the quiz!

General Stats

  • This quiz has been taken 138 times
  • The average score is 7 of 11

Answer Stats

Answer% Correct
Kobe Bryant
80%
Tiger Woods
80%
Michael Phelps
79%
Usain Bolt
79%
Cristiano Ronaldo
71%
Muhammad Ali
69%
Rafael Nadal
69%
Hulk Hogan
61%
Conor McGregor
56%
Arnold Schwarzenegger
53%
Bartosz Kurek
7%

Score Distribution

Percentile by Number Answered

Percent of People with Each Score

Your Score History

You have not taken this quiz